Регионална библиотека "Любен Каравелов" - Русе

Ленин (Запис номер 420683)

MARC детайли
000 -Лидер
Контролно поле с фиксирана дължина nam a22 a 4500
003 - Код на организацията, давaща контролен номер
Контролно поле BLK
005 - Дата и час на последна редакция
Контролно поле 20220110110710.0
008 - Елементи от данни с фиксирана дължина
fixed length control field 210407b bu |||||r|||| 00| | bu d
040 ## - Източник на каталожния запис
Идентификатор на билиотеката - собственик на записа BLK
041 ## - Код за език
Код за езика на текст/звукозапис или на отделно заглавие Български
Код за езика КДБФ Български
080 ## - УДК
Текстов определител УДК Марксизъм-ленинизъм. Научен комунизъм
УДК код - определител по УДК 141.82
УДК - код + определител 141.82
080 ## - УДК
Текстов определител УДК Владимир Илич Улянов. Руски и съветски политик и държавен деятел, революционер
УДК код - определител по УДК 929 Ленин, Владимир Илич
УДК - код + определител 929 Ленин, Владимир Илич
139 ## - Редно поле
Редна дума Ленин
245 ## - Сведения за заглавието
Заглавие Ленин
Подзаглавни данни Албум
260 ## - Област на издателските данни
Място на издаване, разпространение и проч. б.м.
Година на издаване б.г.
300 ## - Физическа характеристика
Страници 32 с..
Илюстрации и др. ил.
Размери/Мащаб 17 см
380 ## - Жанр
Жанр Философия
600 #0 - Име на лице, използвано като предмет
9 (RLIN) 364996
За него / За нея Ленин, Владимир Илич
650 #7 - Допълнително описание по предмет – тема
9 (RLIN) 160278
Основно описание – тема или топоним Ленин, Владимир Илич
653 #7 - Ключова дума – ненормативна
9 (RLIN) 180586
Ключова дума албуми
852 ## - Местоположение
Форматна сигнатура Цб 3.175.40009
Фондова буква Основен фонд - ползва се само за читалня
999 ## - СИСТЕМНИ КОНТРОЛНИ НОМЕРА
Koha biblionumber 420683
Koha biblioitemnumber 420683
942 ## - АРТИКУЛИ
Източник на класификационната схема Universal Decimal Classification
Вид на библиотечния материал Книги
Скрит в OPAC Не
Периодичен библиозапис Да
944 ## - СЪЗДАВАНЕ И РЕДАКЦИЯ на ЗАПИСА
Създаване/Редакция Създаване
Дата на регистрацията/редакция 2021-06-21
Служител, извършил регистрацията/редакцията ГГГ
999 ## - СИСТЕМНИ КОНТРОЛНИ НОМЕРА
Koha biblioitemnumber 420683
Наличности
Код за отписване Код за изгубен артикул Източник на класификационната схема Код за повреда Коз за рестрикции Код за отдаване Артикулен № Име на библиотеката - собственик Име на библиотеката, в която се намира в момента Статус (Текущо местоположение) Дата на вписване в системата Местоположение - отдел Цена в лева Инвентарен номер Систематично азбучна сигнатура Баркод Цена в евро Служебен тип на артикула
  Не е изгубен Universal Decimal Classification Не е повреден само за читалня ползва се в читалня 838648 Регионална библиотека "Любен Каравелов" Русе Регионална библиотека "Любен Каравелов" Русе Хранилище 2021-06-22 Основен фонд - ползва се само за читалня 0.27 40009 Цб 3.175.40009 900000041796 0.14 Книги
Vip Innovations Ltd, Rousse, Bulgaria 2025